JCT: Tendering 2024 (Record no. 122313)

MARC details
000 -LEADER
fixed length control field 01055nam a2200253 i 4500
005 - DATE AND TIME OF LATEST TRANSACTION
control field 20260311154013.0
008 - FIXED-LENGTH DATA ELEMENTS--GENERAL INFORMATION
fixed length control field 260311s2024 enk 000|0 eng|d
020 ## - INTERNATIONAL STANDARD BOOK NUMBER
ISBN 9780414108479
Qualifying information paperback
041 ## - LANGUAGE CODE
Language code of text/sound track or separate title eng
082 04 - DEWEY DECIMAL CLASSIFICATION NUMBER
Classification number 343.41078624
245 00 - TITLE STATEMENT
Title JCT: Tendering 2024
264 #1 - PRODUCTION, PUBLICATION, DISTRIBUTION, MANUFACTURE, AND COPYRIGHT NOTICE
Place of production, publication, distribution, manufacture London :
Name of producer, publisher, distributor, manufacturer Thomson Reuters (Professional) UK Limited, trading as Sweet & Maxwell,
Date of production, publication, distribution, manufacture, or copyright notice 2024
300 ## - PHYSICAL DESCRIPTION
Physical description ii; 23 pages ;
Dimensions 30 cm
490 ## - SERIES TITLE
Series statement JCT Contracts 2024
520 ## - ABSTRACT
Abstract This practice note is intended for use by both the public and private sectors. The notice consists of a general commentary on tendering practices and procedures and also model forms compiled by the JCT as Appendices to this Note: JCT Form of Invitation to Tender; JCT Model Form of Tender
650 #0 - KEYWORDS
Keywords Construction contracts
Geographic subdivision Great Britain
651 ## - SUBJECT ADDED ENTRY--GEOGRAPHIC NAME
Geographic name United Kingdom
710 2# - ADDED CORPORATE NAME
Added corporate author Joint Contracts Tribunal,
Relator term issuing body.
942 ## - ADDED ENTRY ELEMENTS (KOHA)
Suppress in OPAC Do not suppress in OPAC
336 ## - CONTENT TYPE
Content type term text
Source rdacontent
337 ## - MEDIA TYPE
Media type term unmediated
Source rdamedia
338 ## - CARRIER TYPE
Carrier type term volume
Source rdacarrier
Holdings
Lost status Damaged status Not for loan Home library Current library Shelving location Date acquired Total Checkouts Full call number Date last seen Price effective from Koha item type
      London London Boxed set 11/03/2026   JCT CONTRACTS - OFFICE 11/03/2026 11/03/2026 Book